000 00754cab a2200229 4500
001 A143
008 090401t1992 xxu||||| |||| 00| 0 eng d
035 _a(Sirsi) u27251
041 _aeng
245 _aFinance - take the cash
260 _c1992
350 _a0
490 _aEuroProperty
_vApril 1992, 33-35(3)
520 _aMoney is still available to finance European commercial property, but developers and investors have to be more creative to get it. Looks at new financing techniques and fresh sources of funds.
650 _aCOMMERCIAL PAPER
650 _aCONVERTIBLE MORTGAGES
650 _aPROPERTY FINANCE
650 _aUS PENSION FUNDS
690 _aPROPERTY-PROPERTY FINANCE AND INVESTMENT
942 _n0
948 _c04/03/1997
999 _c18344
_d18344